000 01856cam a2200445 i 4500
999 _c8505
_d8505
001 17658155
003 GZU
005 20210520115532.0
008 130312t20132013mau b 001 0 eng
010 _a 2013009932
020 _a9781612121604 (pbk. : alk. paper)
020 _a1612121608 (pbk. : alk. paper)
020 _z9781612123851 (ebook)
035 _a(DNLM)101603865
040 _aDNLM/DLC
_beng
_cDLC
_erda
_dDLC
042 _apcc
050 0 0 _aRM411
_b.B84 2013
060 1 0 _aWB 925
082 0 0 _a615.7/924
_223
100 1 _aBuhner, Stephen Harrod,
_eauthor.
245 1 0 _aHerbal antivirals :
_bnatural remedies for emerging resistant and epidemic viral infections /
_cStephen Harrod Buhner.
246 3 _aNatural remedies for emerging resistant & epidemic viral infections
264 1 _aNorth Adams, MA :
_bStorey Publishing,
_c[2013]
264 4 _c©2013
300 _a408 pages ;
_c23 cm
336 _atext
_2rdacontent
337 _aunmediated
_2rdamedia
338 _avolume
_2rdacarrier
504 _aIncludes bibliographical references (pages 333-385) and index.
505 0 _aEmerging viruses : what we are facing -- Viral respiratory infections and their treatment -- Viral encephalitis infections and their treatment -- A brief look at some other viruses : from cytomegalovirus and dengue to shingles and their treatment protocols -- Herbal antivirals : the materia medica -- Strengthening the immune system.
650 0 _aHerbs
_xTherapeutic use.
650 0 _aAntiviral agents.
650 1 2 _aAntiviral Agents.
650 1 2 _aPhytotherapy.
650 2 2 _aPlant Preparations
_xtherapeutic use.
650 2 2 _aVirus Diseases
_xdrug therapy.
906 _a7
_bcbc
_corignew
_d1
_eecip
_f20
_gy-gencatlg
942 _2lcc
_cBK
_h411
_iBUH
_kRM
_m2013